[Event "FRA-ch op-D"]
[Site "L'Alpe d'Huez"]
[Date "2023.08.19"]
[Round "1"]
[White "Minde, Baptiste"]
[Black "Tomas, Maureen"]
[Result "1-0"]
[WhiteElo "1579"]
[BlackElo "1399"]
[PlyCount "121"]
[EventDate "2023.08.19"]
[EventType "swiss"]
[EventRounds "9"]
[EventCountry "FRA"]
[SourceTitle "EXT 2024"]
[Source "ChessBase"]
[SourceDate "2023.10.10"]
[SourceVersion "1"]
[SourceVersionDate "2023.10.10"]
[SourceQuality "1"]

1. d4 d5 2. Bf4 Nf6 3. e3 g6 4. Bd3 Bg7 5. Nf3 0-0 6. Nbd2 Nbd7 7. h4 h5 8. Nh2 Nb6 9. c3 Bd7 10. f3 Rc8 11. g4 c5 12. Rg1 cxd4 13. exd4 Re8 14. Be5 e6 15. Qe2 Ba4 16. Kf1 Nbd7 17. f4 Bc6 18. gxh5 Nxe5 19. fxe5 Nxh5 20. Qg4 Rf8 21. Ke2 Qe7 22. Raf1 a6 23. Rf2 Bb5 24. Bxb5 axb5 25. Nhf1 Kh7 26. Ng3 f5 27. Qh3 Rg8 28. Nxh5 gxh5 29. Rg5 Qf7 30. Qf3 Kh6 31. Rfg2 Bh8 32. Qf4 Rxg5 33. hxg5+ Kg6 34. Nf3 Rg8 35. Nh4+ Kg7 36. g6 Qe7 37. Rg5 Kf8 38. g7+ Rxg7 39. Ng6+ Rxg6 40. Rxg6 Bg7 41. Qg5 Qxg5 42. Rxg5 Kf7 43. Rxh5 Kg6 44. Rh1 Bh6 45. Kf3 b6 46. a4 bxa4 47. Rb1 b5 48. Ke2 Bf8 49. b3 Be7 50. Kd3 f4 51. c4 bxc4+ 52. bxc4 dxc4+ 53. Kxc4 a3 54. d5 exd5+ 55. Kxd5 f3 56. Ke4 f2 57. Rf1 Bc5 58. Kd5 Bb4 59. Rxf2 Bc5 60. Rf1 Bb4 61. Ke4 1-0